| 000 | 00491nam a22001697a 4500 | ||
|---|---|---|---|
| 003 | NUST | ||
| 005 | 20220817120942.0 | ||
| 008 | 220817b ||||| |||| 00| 0 eng d | ||
| 020 | _a9781911127611 | ||
| 038 | _aAzhar | ||
| 082 |
_a770.2856754 _bTAS |
||
| 100 |
_aTasker, Sara _997741 |
||
| 245 |
_aHashtag authentic : finding creativity and building a community on Instagram and beyond _cSara Tasker |
||
| 260 |
_aLondon _bWhite Lion Publishing _c2019 |
||
| 300 | _a189p | ||
| 942 |
_2ddc _cLC |
||
| 999 |
_c591151 _d591151 |
||